000 00383nam a2200133Ia 4500
008 100328s9999 xx 000 0 und d
082 _b16952
100 _aराघव रांगेय-अनु.
245 _aमन के बनन
260 _bशिक्षा भारती
630 _aमन के बनन
730 _aमन के बनन
942 _cBOOK
999 _c511584
_d511581